| 000 | 005650000a22001810004500 | ||
|---|---|---|---|
| 003 | MACL | ||
| 005 | 20160427125304.0 | ||
| 008 | 160427b xxu||||| |||| 00| 0 eng d | ||
| 040 |
_aMACL _cMACL |
||
| 041 | _aHindi | ||
| 082 | _a800 JEE | ||
| 100 |
_aजीनवाल सविता _954315 |
||
| 245 | _aसूर पदावली | ||
| 260 |
_aनई दिल्ली _bदत्त पुस्तक भण्डार _c2010 |
||
| 350 | _a325 | ||
| 650 |
_aकाव्य समीक्षा _948818 |
||
| 942 |
_cHIN _k800/JEE _2ddc |
||
| 999 |
_c46865 _d46865 |
||